A menina de cabeça nas nuvens (Record no. 194968)

MARC details
000 -LÍDER
campo de controle de tamanho fixo 00350 a2200145 4500
001 - NÚMERO DE CONTROLE
campo de controle 194968
040 ## - FONTE DA CATALOGAÇÃO
Instituição que transcreveu o registro Magnum
100 ## - ENTRADA PRINCIPAL--NOME PESSOAL
Nome pessoal FRANÇA, Elias de
240 10 - TÍTULO UNIFORME
Título uniforme A menina de cabeça nas nuvens
Idioma da obra por
245 10 - TÍTULO
Título A menina de cabeça nas nuvens
300 ## - DESCRIÇÃO FÍSICA
Extensão 25
440 #1 - DECLARAÇÃO DE SÉRIE/ENTRADA ADICIONADA--TÍTULO
Título Governo do Estado do Ceará
697 ## - ENTRADA DE ASSUNTO LOCAL--ENTIDADE COLETIVA (RLIN)
Nome corporativo ou nome da jurisdição LITERATURA INFANTIL
942 ## - ELEMENTOS DE ENTRADA ADICIONADOS (KOHA)
Tipo de material Koha Livros
Holdings
Situação do descarte Situação das perdas Situação física Não pode ser emprestado Biblioteca de origem Biblioteca atual Data de aquisição Total de empréstimos Número de chamada completo Código de barras Data de último acesso Data do preço efetivo Tipo de material Koha
        Magnum Magnum 08/06/2024   869.0.1374 MAG00075668 08/06/2024 08/06/2024 Livros